[Event "38th Olympiad"]
[Site "Dresden GER"]
[Date "2008.11.22"]
[Round "9"]
[White "Ramirez,Alej"]
[Black "Matamoros Franco,C"]
[Result "1/2-1/2"]
[WhiteElo "2533"]
[BlackElo "2525"]

1.d4 d5 2.c4 c6 3.Nf3 Nf6 4.Nc3 a6 5.a4 e6 6.g3 dxc4 7.Bg2 c5 8.dxc5 Qxd1+
9.Nxd1 Nc6 10.Ne3 c3 11.bxc3 Bxc5 12.O-O O-O 13.Ba3 Bxa3 14.Rxa3 Na5 15.Ne5 Rb8
16.Rb1 Bd7 17.Rb4 Rfc8 18.N3c4 Nxc4 19.Nxc4 Bc6 20.e4 Rd8 21.Ne3 a5 22.Rc4 Nd7
23.Rb3 Ne5 24.Rc5 Bxa4 25.Rb1 Nd7 26.Rxa5 Bc6 27.Nc4 h6 28.f4 Nf6 29.e5 Bxg2
30.Kxg2  1/2-1/2

[Event "38th Olympiad"]
[Site "Dresden GER"]
[Date "2008.11.22"]
[Round "9"]
[White "Stocek,J"]
[Black "Laylo,D"]
[Result "1/2-1/2"]
[WhiteElo "2578"]
[BlackElo "2507"]

1.d4 d5 2.c4 c6 3.Nf3 Nf6 4.Nc3 a6 5.a4 e6 6.Bf4 Be7 7.e3 O-O 8.Be2 a5 9.O-O Na6
10.Ne5 Nb4 11.Rc1 b6 12.b3 Bb7 13.Bf3 Nd7 14.Qd2 Ba6 15.Na2 f6 16.Nxd7 Qxd7
17.Rfd1 f5 18.Be2 Qb7 19.cxd5 exd5 20.Nxb4 Bxb4 21.Qc2 Bxe2 22.Qxe2 Qd7 23.Rc2 Bd6
24.Bxd6 Qxd6 25.Rdc1 Rfc8 26.Rc3 f4 27.exf4 Qxf4 28.g3 Qf6 29.Qc2 Qxd4 30.Rxc6 Rxc6
31.Qxc6 Rf8 32.Qe6+ Kh8 33.Qf5 Rg8 34.h4 h6 35.Kg2 Qb2 36.Qc2 Qe5 37.Qc7 Qd4
38.Qc3 Qe4+ 39.Qf3 Qe6 40.Qf4 Re8 41.Rd1 Qc6 42.Qd4 Rd8 43.h5 Kg8 44.Rd3 Qc5
45.Qg4 Qd6 46.Rd4 Qe5 47.Qd1 Rd6 48.Qg4 Rf6 49.Qd1 Rd6 50.Qg4 Rf6 51.Qd1 Rd6  1/2-1/2

[Event "TCh-NED 2008-9"]
[Site "Netherlands NED"]
[Date "2008.11.22"]
[Round "3"]
[White "Wiersma,E"]
[Black "Driessens,P"]
[Result "1-0"]
[WhiteElo "2419"]
[BlackElo "2283"]

1.d4 d5 2.c4 c6 3.Nf3 Nf6 4.Nc3 a6 5.e3 Bf5 6.Ne5 h6 7.g4 Bh7 8.cxd5 cxd5
9.h4 e6 10.Rg1 Nfd7 11.Nf3 Nc6 12.Bd3 Bxd3 13.Qxd3 Qc7 14.Bd2 h5 15.g5 g6
16.Rc1 Nb6 17.Kf1 Bg7 18.Ne2 O-O 19.Ba5 Qd8 20.Bxb6 Qxb6 21.Qd2 Rad8 22.Kg2 Rfe8
23.Nf4 e5 24.dxe5 Nxe5 25.Rgd1 Nxf3 26.Kxf3 Be5 27.Nxd5 Qe6 28.Ke2 Qg4+ 29.Ke1 Kg7
30.b3 Qxh4 31.Rc4 Qxg5 32.Kf1 Qf5 33.e4 Qh3+ 34.Ke2 b5 35.Rc6 Re6 36.Rxe6 Qxe6
37.Qg5 Re8 38.f3 f6 39.Qe3 f5 40.f4 Bb8 41.e5 Rd8 42.Qc5 g5 43.Nc7  1-0

[Event "UTD Invitational GM"]
[Site "Richardson USA"]
[Date "2008.11.27"]
[Round "4"]
[White "Wang Puchen"]
[Black "Kuljasevic,D"]
[Result "1/2-1/2"]
[WhiteElo "2450"]
[BlackElo "2521"]

1.d4 d5 2.c4 c6 3.Nf3 Nf6 4.Nc3 a6 5.c5 Bf5 6.Bf4 Nbd7 7.e3 e6 8.Be2 Be7
9.Nd2 Bg6 10.b4 Qc8 11.a4 b6 12.a5 b5 13.Nf3 h6 14.h3 O-O 15.O-O Re8 16.Rc1 Ne4
17.Nxe4  1/2-1/2

[Event "Mediterranean Open"]
[Site "Rijeka CRO"]
[Date "2008.12.03"]
[Round "6"]
[White "Cebalo,M"]
[Black "Golubovic,B"]
[Result "1-0"]
[WhiteElo "2493"]
[BlackElo "2405"]

1.d4 d5 2.c4 c6 3.Nf3 Nf6 4.Nc3 a6 5.c5 Bf5 6.Bf4 Nbd7 7.h3 b6 8.cxb6 Qxb6
9.Qb3 Qxb3 10.axb3 e6 11.e3 a5 12.Be2 Be7 13.Nd2 O-O 14.O-O Bg6 15.Rfc1 c5
16.Nb5 cxd4 17.exd4 Bb4 18.Nb1 Rfc8 19.N1a3 Ne8 20.Rxc8 Rxc8 21.Na7 Ra8 22.Nc6 Bd6
23.Bd2 e5 24.Nb5 exd4 25.Nbxd4 Nef6 26.Rxa5 Re8 27.Be3 h6 28.b4 Kh7 29.b5 Ne4
30.Ra7 Nb6 31.Rb7 Na4 32.Rd7 Nb6 33.Rd8 Rxd8 34.Nxd8 Nc4 35.Bxc4 dxc4 36.b6 Nf6
37.Nb5 Be5 38.Bd4 Bxd4 39.Nxd4 Nd7 40.b7 Be4 41.f3 Bd5 42.N8c6  1-0

[Event "12th It"]
[Site "Zenica BIH"]
[Date "2008.12.04"]
[Round "7"]
[White "Rezan,S"]
[Black "Trkulja,G"]
[Result "1-0"]
[WhiteElo "2423"]
[BlackElo "2342"]

1.d4 d5 2.Nf3 Nf6 3.c4 c6 4.Nc3 a6 5.c5 g6 6.Bf4 Bg7 7.h3 O-O 8.e3 Nbd7 9.Be2 Ne8
10.O-O Nc7 11.Qd2 Kh8 12.Rad1 f6 13.e4 dxe4 14.Nxe4 Nd5 15.Bh2 Re8 16.Rfe1 Nf8
17.Bd3 Be6 18.Bb1 Qd7 19.a3 Bf7 20.Ba2 g5 21.Nc3 g4 22.hxg4 Qxg4 23.Nxd5 cxd5
24.Qf4 Qxf4 25.Bxf4 Ng6 26.Bc7 a5 27.Bb1 e6 28.Bd3 Ne7 29.b4 axb4 30.axb4 Nc6
31.Rb1 Rec8 32.Bd6 Ra4 33.Bb5 Rxb4 34.Rxb4 Nxb4 35.Bd7 Rd8 36.Bxe6 Bxe6 37.Rxe6 Nc6
38.Bc7 Rc8 39.Bb6 f5 40.Rd6 Nxd4 41.Nxd4 Bxd4 42.Rxd5 Bf6 43.Rxf5 Be7 44.Kf1 Kg8
45.Ke2 Bd8 46.Rd5 Be7 47.Kd3 Kf8 48.Kc4 Rc6 49.Rd7 Bxc5 50.Bxc5+  1-0

[Event "Mediterranean Open"]
[Site "Rijeka CRO"]
[Date "2008.12.05"]
[Round "8"]
[White "Levar,N"]
[Black "Golubovic,B"]
[Result "1/2-1/2"]
[WhiteElo "2185"]
[BlackElo "2405"]

1.Nf3 d5 2.d4 Nf6 3.c4 c6 4.Nc3 a6 5.cxd5 cxd5 6.Bf4 Nc6 7.Rc1 Ne4 8.Qb3 Nxc3
9.bxc3 e6 10.Nd2 Bd6 11.Bg3 O-O 12.e3 h6 13.Bd3 Bxg3 14.hxg3 e5 15.O-O Rb8
16.Rfd1 Bg4 17.f3 Be6 18.f4 exf4 19.gxf4 Qd7 20.Rf1 Bf5 21.Be2 Rfe8 22.Bf3 Rbd8
23.Rfe1 Re7 24.a4 Bg4 25.Bxg4 Qxg4 26.Qd1 Qf5 27.Qf3 Rde8 28.Kf2 Na5 29.c4 Nxc4
30.Nxc4 dxc4 31.Rxc4 Qd3 32.Qe2 Qa3 33.Qd2 g6  1/2-1/2

[Event "FSGM December"]
[Site "Budapest HUN"]
[Date "2008.12.06"]
[Round "1"]
[White "Bromberger,S"]
[Black "Duong The Anh"]
[Result "1-0"]
[WhiteElo "2504"]
[BlackElo "2420"]

1.d4 d5 2.c4 c6 3.Nc3 Nf6 4.Nf3 a6 5.g3 g6 6.Bg2 Bg7 7.cxd5 cxd5 8.O-O O-O
9.Ne5 Nbd7 10.b3 Nxe5 11.dxe5 Ng4 12.Nxd5 Nxe5 13.Ba3 Nc6 14.Rc1 Be6 15.Nf4 Bf5
16.Bxc6 bxc6 17.Rxc6 Ra7 18.Qxd8 Rxd8 19.Bc5 Be4 20.Bxa7 Bxc6 21.Rc1 Bb7
22.Nd3 Bf6 23.Bb6 Rd6 24.Be3 h5 25.Rc7 Be4 26.Ra7 h4 27.gxh4 Bxh4 28.Bc5 Re6
29.Bd4 Rd6 30.Be5 Re6 31.f3 f5 32.fxe4 fxe4 33.Nf4 Rxe5 34.Rxa6 Rg5+ 35.Kh1 Kf7
36.Ra4 Rg4 37.Ng2 Bf2 38.h3 Rg3 39.Kh2 Rc3 40.Rc4 Bg3+ 41.Kg1 Rxc4 42.bxc4 Ke6
43.Ne3 Kd6 44.Kg2 Be1 45.Ng4 g5 46.Nf2 Ke5 47.Kf1 Bb4 48.e3 Ba3 49.Ke2 Bb4
50.Kd1 Bc5 51.Ng4+ Kd6 52.Kc2 Bb6 53.Kb3 Kc5 54.Nf2 Kc6 55.Nxe4 Bxe3 56.Kc3 e5
57.Kd3 Bf4 58.a4 Bc1 59.c5 Kd5 60.a5 Kc6 61.Kc4 Be3 62.a6 Bd4 63.a7 Kb7 64.Kd5 Kxa7
65.Kd6 Be3 66.c6 Bb6 67.Kd7 Kb8 68.Nxg5  1-0

[Event "USCL KO T/B 2008"]
[Site "ICC INT"]
[Date "2008.12.06"]
[Round "3"]
[White "Sammour Hasbun,J"]
[Black "Kuljasevic,D"]
[Result "0-1"]
[WhiteElo "2460"]
[BlackElo "2521"]

1.d4 d5 2.c4 c6 3.Nc3 Nf6 4.Nf3 a6 5.cxd5 cxd5 6.Bf4 Nc6 7.e3 Bg4 8.Rc1 Rc8
9.Bd3 e6 10.h3 Bxf3 11.Qxf3 Bd6 12.Bg5 Be7 13.O-O O-O 14.a3 h6 15.Bh4 Na5
16.Rc2 Qd7 17.Qe2 Rc6 18.f3 Nb3 19.Bf2 Rfc8 20.g4 Bxa3 21.Nxd5 Nxd5 22.Rxc6 Qxc6
23.bxa3 Nc1 24.Qd2 Qc3 25.Qxc3 Rxc3 26.Be4 Ne2+ 27.Kg2 Rxa3 28.Bb1 Nec3 29.Bc2 Ra2
30.Rc1 Ne2 31.Rb1 Rxc2 32.Rxb7 Nec3 33.Kg3 Nd1 34.Bg1 N1xe3 35.Bf2 g5 36.Rb3 Nd1
37.Bg1 Nf4  0-1

[Event "III Open"]
[Site "Palma de Mallorca ESP"]
[Date "2008.12.06"]
[Round "1"]
[White "Planas Gene,J"]
[Black "Svetushkin,D"]
[Result "0-1"]
[WhiteElo "2184"]
[BlackElo "2588"]

1.d4 d5 2.c4 c6 3.Nf3 Nf6 4.Nc3 a6 5.cxd5 cxd5 6.Bg5 Ne4 7.Bf4 Nc6 8.e3 Bg4
9.Be2 e6 10.O-O Nxc3 11.bxc3 Be7 12.Ne5 Bxe2 13.Qxe2 Rc8 14.Rfc1 Ba3 15.Rc2 b5
16.e4 O-O 17.Nxc6 Rxc6 18.Bc1 Bxc1 19.Raxc1 Rc4 20.exd5 Qxd5 21.Qd3 Rfc8
22.a3 g6 23.Re1 Qc6 24.Re3 a5 25.Rb2 Qd6 26.Qd2 Qxa3 27.Rxb5 Rxc3 28.h3 Rc1+
29.Kh2 Qd6+ 30.Rg3 Rf8 31.Re5 f6 32.Re1 Rxe1 33.Qxe1 a4 34.Qa1 Ra8 35.d5 exd5
36.Qa3 Qxa3 37.Rxa3 Kf7 38.Kg3 Ke6 39.Kf3 Kd6 40.Ke3 Kc5 41.Kd3 Kb4 42.Ra1 a3
43.Kd4 a2 44.Kxd5 Kb3  0-1

[Event "FSGM December"]
[Site "Budapest HUN"]
[Date "2008.12.08"]
[Round "3"]
[White "Skomorokhin,R"]
[Black "Nguyen Huynh Minh Huy"]
[Result "1/2-1/2"]
[WhiteElo "2400"]
[BlackElo "2452"]

1.d4 d5 2.c4 c6 3.Nf3 Nf6 4.Nc3 a6 5.e3 e6 6.b3 Bb4 7.Bd2 Nbd7 8.Bd3 O-O
9.O-O Bd6 10.Rc1 h6 11.h3 b6 12.e4 dxe4 13.Nxe4 Nxe4 14.Bxe4 Bb7 15.b4 f5
16.Bc2 c5 17.dxc5 bxc5 18.Bxh6 Be7 19.Bf4 cxb4 20.Qe2 Bxf3 21.Qxe6+ Kh8 22.gxf3 Bg5
23.Qe3 Bxf4 24.Qxf4 Qf6 25.Rfe1 Nc5 26.Re5 Ne6 27.Qxf5 Qxf5 28.Rxf5 Rxf5
29.Bxf5 Nd4 30.Bd3 a5 31.c5 a4 32.c6 Rc8 33.c7 b3 34.axb3 axb3 35.Rc4 Nxf3+
36.Kh1 g5 37.Rc5 b2 38.Rf5 Rxc7 39.Rxf3 Rc3 40.Rf8+ Kg7 41.Rb8 Rxd3 42.Rxb2  1/2-1/2

[Event "TCh-SLO"]
[Site "Murska Sobota SLO"]
[Date "2008.12.08"]
[Round "3"]
[White "Gruskovnjak,T"]
[Black "Stajner,S"]
[Result "1/2-1/2"]
[WhiteElo "2370"]
[BlackElo "2274"]

1.d4 c6 2.Nf3 d5 3.c4 Nf6 4.Nc3 a6 5.h3 b5 6.c5 g6 7.Bf4 Bg7 8.e3 O-O 9.Bd3 Nbd7
10.Ne5 Nxe5 11.Bxe5 Be6 12.O-O Qd7 13.g4 Ne8 14.Bxg7 Nxg7 15.f4 f6 16.Ne2 Bf7
17.a4 Rae8 18.axb5 axb5 19.Qe1 e5 20.Qg3 e4 21.Bc2 f5 22.g5 Ra8 23.Rfb1 Ra7
24.Rxa7 Qxa7 25.Nc1 Ra8 26.Nb3 Qb8 27.Qe1 Ra6 28.Ra1 Qa8 29.Rxa6 Qxa6 30.Qa5 Qxa5
31.Nxa5 Be8 32.Kf2 Ne6 33.Ke1 Nd8 34.Kd2 Kf8 35.Kc3 Ke7 36.h4 Kd7 37.Bd1 Kc7
38.Kb4 Ne6 39.Nb3 Kb7 40.Ka5 Ka7 41.Nd2 Kb7 42.Nf1 Ng7 43.Be2 Ne6 44.Nd2 Nd8
45.Nb1 Ne6 46.Nc3 Nc7  1/2-1/2

[Event "TCh-SLO"]
[Site "Murska Sobota SLO"]
[Date "2008.12.09"]
[Round "4"]
[White "Skoberne,J"]
[Black "Tratar,M"]
[Result "1/2-1/2"]
[WhiteElo "2501"]
[BlackElo "2507"]

1.d4 d5 2.c4 c6 3.Nf3 Nf6 4.Nc3 a6 5.a4 e6 6.g3 dxc4 7.Bg2 c5 8.O-O cxd4
9.Nxd4 Bc5 10.Be3 Nbd7 11.h3 O-O 12.a5 Qc7 13.Ra4 Ba7 14.Nc2 Bxe3 15.Nxe3 Rb8
16.Nxc4 b5 17.axb6 Nxb6 18.Nxb6 Rxb6  1/2-1/2

[Event "FSGM December"]
[Site "Budapest HUN"]
[Date "2008.12.10"]
[Round "5"]
[White "Prohaszka,P2"]
[Black "Nguyen Huynh Minh Huy"]
[Result "1/2-1/2"]
[WhiteElo "2502"]
[BlackElo "2452"]

1.d4 d5 2.c4 c6 3.Nf3 Nf6 4.Nc3 a6 5.e3 b5 6.c5 Nbd7 7.b4 a5 8.bxa5 Qxa5
9.Bd2 b4 10.Nb1 Ne4 11.a3 Nxd2 12.Nfxd2 e5 13.Be2 Qc7 14.O-O Be7 15.a4 Bf6
16.Nb3 Nb8 17.N1d2 O-O 18.Nf3 exd4 19.exd4 Re8 20.Re1 g6 21.Qd2 Ba6 22.Bxa6 Nxa6
23.Rxe8+ Rxe8 24.Re1 Ra8 25.h4 h5 26.Qh6 Qd8 27.g3 Nc7 28.a5 Qc8 29.Qd2 Rb8
30.Qd3 Kg7 31.Ne5 Nb5 32.Kg2 Rb7 33.f4 Re7 34.Nf3 Ra7 35.f5 Nc3 36.fxg6 fxg6
37.Nfd2 Kh7  1/2-1/2

[Event "III Open"]
[Site "Palma de Mallorca ESP"]
[Date "2008.12.11"]
[Round "6"]
[White "Arizmendi Martinez,J"]
[Black "Svetushkin,D"]
[Result "0-1"]
[WhiteElo "2497"]
[BlackElo "2588"]

1.d4 d5 2.c4 c6 3.Nf3 Nf6 4.Nc3 a6 5.Ne5 Nbd7 6.Bf4 dxc4 7.Nxc4 b5 8.Ne5 Bb7
9.e3 e6 10.Qf3 Ra7 11.Bd3 c5 12.Qh3 Nxe5 13.Bxe5 Nd7 14.Bg3 cxd4 15.exd4 Nc5
16.Bc2 Qxd4 17.O-O Be7 18.Rad1 Qf6 19.Rfe1 b4 20.Na4 b3 21.axb3 Nxa4 22.Be5 Qh4
23.Qxh4 Bxh4 24.bxa4 Bf6 25.b4 Bxe5 26.Rxe5  0-1

[Event "FSGM December"]
[Site "Budapest HUN"]
[Date "2008.12.12"]
[Round "7"]
[White "Prohaszka,P2"]
[Black "Duong The Anh"]
[Result "1/2-1/2"]
[WhiteElo "2502"]
[BlackElo "2420"]

1.d4 d5 2.c4 c6 3.Nf3 Nf6 4.Nc3 a6 5.c5 Nbd7 6.Bf4 Nh5 7.Qd2 Nxf4 8.Qxf4 b6
9.e4 e6 10.exd5 cxd5 11.c6 Nf6 12.Bd3 Bd6 13.Ne5 O-O 14.O-O Nh5 15.Qe3 f6
16.Nd7 Bxd7 17.cxd7 Qxd7 18.Qh3 Nf4 19.Qf3 Nxd3 20.Qxd3 b5 21.Rae1 Bb4 22.Rc1 Rac8
23.Ne2 Bd6 24.f4 Rxc1 25.Rxc1 Rc8 26.Rxc8+ Qxc8 27.b3 Qc6 28.g3 g6 29.Kg2 Kf7
30.Kf2 Bc7 31.Ke1 Ba5+ 32.Kf2 Bb6 33.Kg2 Kg7 34.h3 Bc7 35.g4 Qd6 36.Qe3 e5
37.dxe5 fxe5 38.fxe5 Qxe5 39.Qxe5+ Bxe5 40.Nc1 Kf6 41.Nd3 Bd6 42.Kf3 Kg5
43.Kg2 a5 44.Kf3 h5 45.Ne1 Kh4 46.gxh5 gxh5 47.Kg2 Kg5 48.Kf3 Kf5 49.Nd3 d4
50.Nc1 Ke5 51.Nd3+ Kd5 52.Nb2 Bc7 53.Nd3 Bb8 54.Ne1 a4 55.Nd3 Bd6 56.Nb2 a3
57.Nd3 h4 58.Ne1 d3 59.Nxd3 Kd4 60.Nf2 Bg3 61.Ng4 Kc3 62.Ke2 Kb2 63.Kd3 Kxa2
64.Kc2  1/2-1/2

[Event "TCh-NED 2008-9"]
[Site "Netherlands NED"]
[Date "2008.12.13"]
[Round "4"]
[White "Van Beek,L"]
[Black "Michielsen,J"]
[Result "1-0"]
[WhiteElo "2345"]
[BlackElo "2316"]

1.d4 d5 2.c4 c6 3.Nc3 Nf6 4.Nf3 a6 5.e3 b5 6.b3 Bg4 7.h3 Bxf3 8.Qxf3 e5 9.dxe5 Bb4
10.Bd2 Ne4 11.Nxe4 dxe4 12.Qd1 Bxd2+ 13.Qxd2 Qxd2+ 14.Kxd2 Nd7 15.Kc3 O-O-O
16.a4 bxc4 17.Bxc4 Kb7 18.e6 fxe6 19.Bxe6 Ne5 20.Rad1 Rdf8 21.Rhf1 Rf6 22.Bg4 Rhf8
23.f4 exf3 24.gxf3 Nxg4 25.hxg4 Rxf3 26.Rd7+ Kc8 27.Rxf3 Rxf3 28.Rxg7 Rxe3+
29.Kc4 a5 30.g5 Re5 31.Kd4 Rd5+ 32.Ke4 Rd7 33.Rxd7 Kxd7 34.Kd4 Kd6 35.Kc4 Kd7
36.b4 axb4 37.Kxb4 Kd6 38.a5 Kc7 39.Kc5 Kb7 40.a6+ Kxa6 41.Kxc6  1-0

[Event "III Open"]
[Site "Palma de Mallorca ESP"]
[Date "2008.12.14"]
[Round "9"]
[White "Asis Gargatagli,H"]
[Black "Svetushkin,D"]
[Result "0-1"]
[WhiteElo "2408"]
[BlackElo "2588"]

1.d4 d5 2.c4 c6 3.Nf3 Nf6 4.Nc3 a6 5.c5 Bf5 6.Bf4 Nbd7 7.e3 g6 8.Be2 Nh5
9.Be5 f6 10.Bg3 Nxg3 11.hxg3 Bg7 12.Bd3 Bxd3 13.Qxd3 e5 14.Qc2 O-O 15.O-O-O e4
16.Nd2 f5 17.Na4 Rf7 18.Nb3 Qc7 19.Qc3 Raf8 20.Kb1 Nf6 21.Nc1 Qe7 22.Rde1 Ne8
23.f4 exf3 24.gxf3 Qg5 25.Rhg1 Qh5 26.Ref1  0-1

[Event "75th ch-BRA"]
[Site "Porto Alegre BRA"]
[Date "2008.12.14"]
[Round "9"]
[White "Vescovi,G"]
[Black "Barreto Filho,C"]
[Result "1-0"]
[WhiteElo "2635"]
[BlackElo "2300"]

1.d4 d5 2.c4 c6 3.Nf3 Nf6 4.Nc3 a6 5.c5 Bf5 6.Nh4 Bg6 7.Bf4 Nbd7 8.e3 e6
9.Be2 Be7 10.O-O O-O 11.Nxg6 hxg6 12.h3 Qc8 13.b4 Bd8 14.a4 Bc7 15.Bxc7 Qxc7
16.f4 Ne4 17.Nxe4 dxe4 18.Bc4 Nf6 19.Qc2 Nd5 20.Qxe4 Nxb4 21.a5 Nd5 22.Ra3 Qc8
23.Qd3 Nc7 24.Qd2 Nb5 25.Rd3 Qd8 26.e4 Qe7 27.f5 exf5 28.exf5 gxf5 29.Rxf5 Rae8
30.Kh2 Qh4 31.Rg3 Qxd4 32.Qh6  1-0

[Event "CCF Christmas Int"]
[Site "Coulsdon ENG"]
[Date "2008.12.16"]
[Round "2"]
[White "Lundin,J"]
[Black "Lock,G"]
[Result "1-0"]
[WhiteElo "2341"]
[BlackElo "2252"]

1.d4 d5 2.c4 c6 3.Nf3 Nf6 4.Nc3 a6 5.e3 b5 6.b3 Bg4 7.Be2 e6 8.O-O Nbd7 9.Bb2 Bd6
10.h3 Bh5 11.Ne5 Bxe2 12.Nxe2 Qc7 13.cxd5 cxd5 14.Rc1 Qb8 15.Nxd7 Nxd7 16.e4 dxe4
17.d5 O-O 18.dxe6 Nc5 19.Nf4 Ra7 20.Bd4 Bxf4 21.Rxc5 Qd6 22.Rf5 Rd8 23.Bxa7 Qxd1
24.exf7+ Kf8 25.Bc5+ Qd6 26.Rd1 g6 27.Rxf4  1-0

[Event "15th Croatian Open A"]
[Site "Zadar CRO"]
[Date "2008.12.16"]
[Round "4"]
[White "Rezan,S"]
[Black "Tratar,M"]
[Result "1/2-1/2"]
[WhiteElo "2423"]
[BlackElo "2507"]

1.d4 d5 2.c4 c6 3.Nc3 Nf6 4.Nf3 a6 5.c5 Nbd7 6.Bf4 g6 7.h3 Bg7 8.e3 O-O 9.Be2 Ne8
10.O-O Nc7 11.Qd2 e5 12.Nxe5 Nxe5 13.Bxe5 Bxe5 14.dxe5 Qe7 15.e4 Qxe5 16.exd5 Nxd5
17.Nxd5 Qxd5 18.Qxd5 cxd5 19.Rfd1 Rd8 20.Rd4 Be6 21.Rad1 Rdc8 22.Rc1 a5 23.a3 Rc7
24.b4 axb4 25.axb4 Ra2 26.Bf3 Rb2 27.Ra1 Kg7 28.Rad1 b6 29.cxb6 Rb7 30.Bxd5 Bxd5
31.Rxd5 Rxb4  1/2-1/2

[Event "XXI Carlos Torre KO"]
[Site "Merida MEX"]
[Date "2008.12.17"]
[Round "1.3"]
[White "Almeida Quintana,O"]
[Black "Geetha Narayanan,G"]
[Result "0-1"]
[WhiteElo "2519"]
[BlackElo "2548"]

1.d4 d5 2.c4 c6 3.Nf3 Nf6 4.Nc3 a6 5.c5 Bf5 6.Bf4 Nbd7 7.h3 g6 8.e3 Bg7 9.Be2 Be4
10.b4 O-O 11.O-O Bxf3 12.Bxf3 Re8 13.Rc1 e5 14.Bh2 exd4 15.exd4 Nf8 16.Be5 N6d7
17.Bxg7 Kxg7 18.Qd3 Qf6 19.Bg4 Ne6 20.Bxe6 Rxe6 21.a4 Nf8 22.b5 axb5 23.axb5 Ree8
24.Rfd1 Ne6 25.Qd2 Nxd4 26.bxc6 bxc6 27.Rb1 Ne6 28.Rb6 Nf4 29.g3 Nxh3+ 30.Kg2 Ng5
31.Qd4 Qxd4 32.Rxd4 Ne6 33.Ra4 Rxa4 34.Nxa4 Ra8 35.Nb2 Ra2 36.Nd3 Rd2 37.Ne5 Nxc5
38.Nf3 Ra2 39.Rxc6 Ne4  0-1

[Event "4 Nations"]
[Site "Donostia ESP"]
[Date "2008.12.19"]
[Round "1"]
[White "Peralta,Fe"]
[Black "Prie,E"]
[Result "1-0"]
[WhiteElo "2557"]
[BlackElo "2491"]

1.d4 d5 2.c4 c6 3.Nf3 Nf6 4.Nc3 a6 5.c5 Bf5 6.Bf4 e6 7.e3 Nbd7 8.Nd2 Be7
9.Be2 Bg6 10.O-O O-O 11.b4 Re8 12.Bg3 Qc8 13.Nb3 Ne4 14.Nxe4 Bxe4 15.Qd2 Bg6
16.a4 h5 17.h3 h4 18.Bh2 Nf6 19.f3 Nh5 20.b5 Bd8 21.b6 Bf6 22.Na5 e5 23.dxe5 Rxe5
24.Bxe5 Bxe5 25.Rad1 Ng3 26.Rfe1 f5 27.Bd3 Kh7 28.Bb1 Rb8 29.Qb4 Bf6 30.Rd4 Qd8
31.Bd3 Be8 32.Nxb7 Rxb7 33.Bxa6 Rb8 34.Bd3 Bh5 35.a5 Bxf3 36.gxf3 Bxd4 37.Qxd4 Qg5
38.Qg4 Qf6 39.a6 Re8 40.a7 Kg8 41.Qf4 Qc3 42.Rd1 Qxc5 43.Qd4 Qe7 44.Ra1 Qg5
45.a8=Q Ne4+ 46.Kf1 Nd2+ 47.Ke2 Qg2+ 48.Kd1  1-0

[Event "4 Nations"]
[Site "Donostia ESP"]
[Date "2008.12.20"]
[Round "3"]
[White "Lopez Martinez,Josep"]
[Black "Prie,E"]
[Result "1/2-1/2"]
[WhiteElo "2547"]
[BlackElo "2491"]

1.d4 d5 2.c4 c6 3.Nf3 Nf6 4.Nc3 a6 5.e3 b5 6.c5 g6 7.Bd3 Bg7 8.h3 O-O 9.O-O Nbd7
10.Qc2 Qc7 11.b4 a5 12.bxa5 Rxa5 13.Bb2 Ba6 14.a3 Ra8 15.Nd2 Bc8 16.f4 Nf8
17.Na2 Bd7 18.Nb4 Ne6 19.Nf3 Nd8 20.Ne5 Be8 21.Rad1 R5a7 22.g4 Nb7 23.f5 Na5
24.fxg6 fxg6 25.Qf2 Nc4 26.Nxc4 dxc4 27.Bb1 Nd5 28.e4 Rxa3 29.Bxa3 Rxa3 30.Nxd5 cxd5
31.Kg2 e6 32.exd5 exd5 33.Rde1 Bf7 34.Qh4 Rb3 35.Re2 Bxd4 36.c6 Bc5 37.Bc2 Rc3
38.Qe1 Rxc2 39.Rxc2 Qxc6 40.Re2 d4+ 41.Rf3 d3 42.Re5 Bd6 43.Re4 b4 44.Qe3 b3
45.Qd4 b2 46.Qf6 Qd5 47.Re1 d2 48.Rf1 Be5 49.Qxf7+  1/2-1/2

[Event "8th Amplico AIG Life Rapid"]
[Site "Warsaw POL"]
[Date "2008.12.20"]
[Round "4"]
[White "Stachowiak,K"]
[Black "Vysochin,S"]
[Result "1/2-1/2"]
[WhiteElo "2351"]
[BlackElo "2520"]

1.d4 d5 2.Nf3 Nf6 3.c4 c6 4.Nc3 a6 5.cxd5 cxd5 6.Bf4 Nc6 7.e3 Bg4 8.Be2 e6
9.O-O Be7 10.h3 Bh5 11.Ne5 Bxe2 12.Qxe2 Rc8 13.Rfc1 O-O 14.Na4 Nxe5 15.Bxe5 Nd7
16.Rxc8 Qxc8 17.Bg3 Qc6 18.Nc3 Rc8 19.Qd3 Qb6 20.Rb1 Qa5 21.f3 Bb4 22.Be1 b5
23.a3 Bxc3 24.Bxc3 Qa4 25.Qd1 Nb6 26.Kf2 Qc4 27.Rc1 Qa2 28.Ra1 Qc4 29.Rc1 h6
30.b3 Qc7 31.Bd2 Qe7 32.Rxc8+ Nxc8 33.Qc1 Na7 34.Bb4 Qd7 35.Qc5 Nc6 36.Bd2 e5
37.Bc3 exd4 38.Bxd4 Nxd4 39.Qxd4 Qc6 40.Qb4 g6 41.a4 h5 42.axb5 axb5 43.Kg3 Qc7+
44.Kf2 Qc2+ 45.Kg3 Qd3 46.Kf2 h4 47.f4 Kg7 48.Qd4+ Qxd4 49.exd4 Kf6 50.g4 hxg3+
51.Kxg3 Kf5 52.Kf3 b4 53.Ke3 f6 54.Kf3 g5 55.fxg5 fxg5 56.Ke3 Kg6 57.Kf3 Kf7
58.Kg3 Kf6 59.Kf2 Kg6 60.Kg2 Kh6 61.Kh2 Kg7 62.Kg1 Kg6 63.Kg2 Kf6 64.Kf2 Kg6
65.Kg2  1/2-1/2

[Event "8th Amplico AIG Life Rapid"]
[Site "Warsaw POL"]
[Date "2008.12.21"]
[Round "10"]
[White "Gajewski,G"]
[Black "Popov,Val"]
[Result "1-0"]
[WhiteElo "2577"]
[BlackElo "2542"]

1.d4 d5 2.c4 c6 3.Nf3 Nf6 4.Nc3 a6 5.e3 e6 6.b3 Bb4 7.Bd2 Nbd7 8.Bd3 O-O
9.O-O Qe7 10.Ne5 dxc4 11.bxc4 c5 12.f4 Rd8 13.Qc2 Nf8 14.a3 Ba5 15.dxc5 Bd7
16.Rfb1 Qxc5 17.Rxb7 Be8 18.Kh1 Bc7 19.Nf3 Rac8 20.Ne4 Nxe4 21.Bxe4 f5 22.Bd3 Bc6
23.Rb2 Bxf3 24.gxf3 Rd7 25.Be2 Rcd8 26.Qc1 e5 27.Bb4 Qc6 28.fxe5 Bxe5 29.Bc3 Bxh2
30.Kxh2 Qh6+ 31.Kg1 Ng6 32.Be1 Qg5+ 33.Kf1 f4 34.Bf2 Nh4 35.Bxh4 Qxh4 36.exf4 Qh1+
37.Kf2 Qh2+ 38.Kf1 Rd6 39.c5 Qh3+ 40.Kf2 Qh4+ 41.Kf1 Rg6 42.Qc4+ Kh8 43.Rab1 Qg3
44.Qd4 Qh3+ 45.Ke1 Qh1+ 46.Bf1 Re6+ 47.Re2 Rxe2+ 48.Kxe2 Qh2+ 49.Ke1 Qh4+
50.Qf2 Qxf4 51.Be2 h5 52.Rd1 Re8 53.Kf1 Qf5 54.c6 Qc2 55.Rd5 Qc1+ 56.Qe1 Qxc6
57.Rxh5+ Kg8 58.Qb1 Qe6 59.Qh7+ Kf8 60.Rf5+  1-0

[Event "1st Asian Clubs"]
[Site "Al Ain UAE"]
[Date "2008.12.25"]
[Round "1"]
[White "Abdul Moula,S"]
[Black "Laylo,D"]
[Result "0-1"]
[WhiteElo "2163"]
[BlackElo "2507"]

1.d4 d5 2.Nf3 Nf6 3.c4 c6 4.Nc3 a6 5.e3 g6 6.Ne5 Bg7 7.Bd3 O-O 8.O-O b5 9.b3 Bb7
10.a4 b4 11.Ne2 a5 12.Bb2 Nbd7 13.Nxd7 Qxd7 14.c5 Qc8 15.f4 Ne4 16.Qc2 Ba6
17.Bxa6 Rxa6 18.Ng3 Nxg3 19.hxg3 Qg4 20.Kf2 h5 21.Rae1 Ra7 22.Qe2 Qf5 23.Qd1 Bf6
24.Kg1 Kg7 25.Kh2 Rh8 26.Qb1 Qg4 27.Qd1 Qd7 28.Qf3 Qf5 29.Qd1 Raa8 30.Qb1 Qg4
31.Qd1 Qd7 32.Kg1 Qf5 33.Kf2 Rag8 34.Rh1 Rh6 35.Rh3 Rgh8 36.Qb1 Qd7 37.Qd1 g5
38.Rhh1 Qf5 39.Qb1 Qg4 40.Qd1 Qc8 41.Bc1 Qf5 42.Rxh5 Rxh5 43.g4 Qg6 44.gxh5 Rxh5
45.Rg1 Rh2 46.Qg4 Qc2+ 47.Kg3 Rh4 48.Qd1 gxf4+ 49.exf4 Qc3+ 50.Qf3 Qxd4  0-1

[Event "Open A"]
[Site "Groningen NED"]
[Date "2008.12.26"]
[Round "5"]
[White "Hoeksema,E"]
[Black "Van Kooten,L"]
[Result "1/2-1/2"]
[WhiteElo "2323"]
[BlackElo "2263"]

1.d4 d5 2.c4 c6 3.Nc3 Nf6 4.Nf3 a6 5.c5 Nbd7 6.Bf4 Nh5 7.Bd2 Nhf6 8.Rc1 g6
9.h3 Qc7 10.e4 Nxe4 11.Nxe4 dxe4 12.Ng5 Nf6 13.Bc4 Nd5 14.Nxe4 Bg7  1/2-1/2

[Event "1st Asian Clubs"]
[Site "Al Ain UAE"]
[Date "2008.12.27"]
[Round "3"]
[White "Zhou Jianchao"]
[Black "Dao Thien Hai"]
[Result "1-0"]
[WhiteElo "2612"]
[BlackElo "2510"]

1.d4 d5 2.c4 c6 3.Nf3 Nf6 4.Nc3 a6 5.c5 Bf5 6.Bf4 Nbd7 7.e3 e6 8.Nd2 Be7
9.Be2 h6 10.g4 Bh7 11.h4 Ne4 12.Ncxe4 dxe4 13.Qb3 Ra7 14.g5 h5 15.Bxh5 Bf5
16.Be2 e5 17.Bxe5 Nxe5 18.dxe5 Bxc5 19.Qc4 Be7 20.e6 fxe6 21.Nxe4 Qa5+ 22.Nc3 c5
23.Qf4 O-O 24.e4 Bg6 25.Qe5 b5 26.h5 Be8 27.h6 Bd8 28.Bg4  1-0

[Event "Open"]
[Site "Pamplona ESP"]
[Date "2008.12.27"]
[Round "7"]
[White "Ignacz,R"]
[Black "Garcia,Rau"]
[Result "0-1"]
[WhiteElo "2061"]
[BlackElo "2257"]

1.d4 d5 2.c4 c6 3.Nc3 Nf6 4.Nf3 a6 5.e3 b5 6.c5 Nbd7 7.Bd3 g6 8.e4 b4 9.e5 bxc3
10.exf6 cxb2 11.Bxb2 Qa5+ 12.Kf1 Nxf6 13.Ne5 Qc7 14.Bc1 Bg7 15.f4 Nd7 16.Rb1 Nxe5
17.fxe5 f6 18.exf6 O-O 19.Kg1 Bxf6 20.Be3 e5 21.h4 exd4 22.Bh6 Bg7 23.Bxg7 Kxg7
24.h5 Qg3 25.Rh2 Bg4 26.Qc2 Rae8 27.Qd2 Qe3+ 28.Qxe3 dxe3 29.hxg6 hxg6 30.Rb7+ Kf6
31.Rh6 Bf5 32.Be2 d4 33.g4 Be4 34.Rd7 d3 35.Bxd3 Bxd3 36.Rxd3 e2 37.Rd6+ Ke5  0-1

[Event "1st Asian Clubs"]
[Site "Al Ain UAE"]
[Date "2008.12.28"]
[Round "4"]
[White "Russell,MKA"]
[Black "Al Aqrabi,S"]
[Result "1-0"]
[WhiteElo "2230"]
[BlackElo "2211"]

1.d4 d5 2.c4 c6 3.Nf3 Nf6 4.Nc3 a6 5.e3 b5 6.c5 Bg4 7.b4 Nbd7 8.a4 e5 9.Be2 e4
10.Nd2 Bxe2 11.Qxe2 Be7 12.O-O O-O 13.Nb3 Ne8 14.Qa2 Nc7 15.Na5 Nb8 16.f3 exf3
17.gxf3 Qd7 18.Bd2 Kh8 19.Be1 f5 20.Qd2 Bg5 21.f4 Be7 22.Ne2 Qe6 23.Nc1 Ne8
24.Nd3 Nf6 25.Ne5 Ne4 26.Qd1 Rg8 27.Kh1 Bf6 28.Qh5 g6 29.Qh6 g5 30.Qh5 Bxe5
31.fxe5 Ra7 32.Nb3 Rag7 33.axb5 axb5 34.Nd2 Nxd2 35.Bxd2 Nd7 36.Qf3 Rf8 37.Ra7 Qg6
38.Qg3 Qh6 39.Rg1 Rfg8 40.Qf3  1-0